000 01412cam a22003374a 4500
001 12233902
003 OSt
005 20180117085946.0
008 001117s2001 vaua b 001 0 eng
010 _a 00067276
020 _a1853837180 (hardcover)
020 _a1853837172 (pbk.)
040 _aDLC
_cDLC
_dDLC
042 _apcc
050 0 0 _aHT166
_b.U726 2001
082 0 0 _a307.1/416
_221
245 0 0 _aUrban development and civil society :
_bthe role of communities in sustainable cities /
_cedited by Michael Carley, Paul Jenkins, and Harry Smith.
260 _aSterling, VA :
_bEarthscan Publications,
_c2001.
300 _axiv, 230 p. :
_bill. ;
_c24 cm.
504 _aIncludes bibliographical references and index.
650 0 _aCommunity development, Urban.
650 0 _aCity planning
_xCitizen participation.
650 0 _aSustainable urban development.
700 1 _aCarley, Michael.
700 1 _aJenkins, Paul,
_d1953-
700 1 _aSmith, Harry,
_d1963-
906 _a7
_bcbc
_corignew
_d1
_eocip
_f20
_gy-gencatlg
942 _2ddc
_cBK
999 _c2635
_d2635